Age of Empires III: DE All Buildings - Statistics

General Stats
  • This quiz has been taken 23 times
  • The average score is 48 of 104
Answer Stats
Hint Answer % Correct
Asian Military Castle
100%
Native American Economic Farm
100%
Economic Mill
100%
Military Barracks
80%
Economic/Military Dock
80%
Economic House
80%
Economic Market
80%
Asian Military Monastery
80%
Military Outpost
80%
Military Stable
80%
Military Arsenal
60%
Military Artillery Foundry
60%
Dutch Unique Bank
60%
Italian Unique Basilica
60%
Russian Unique Blockhouse
60%
Economic Capitol
60%
Mexican Unique Cathedral
60%
Economic Church
60%
Maltese Unique Commandery
60%
Native American Economic Community Plaza
60%
Asian Military Consulate
60%
Native American Military Corral
60%
Japanese Unique Dojo
60%
Economic (shipment only) Factory
60%
African Economic Field
60%
Economic Field Hospital
60%
Maltese Unique Fixed Gun
60%
Military Fort
60%
Defensive Gate
60%
Japanese Wonder Great Buddha
60%
Mexican Unique Hacienda
60%
Economic Livestock Pen
60%
British Unique Manor House
60%
Ottoman Unique Mosque
60%
Ethiopian Unique Mountain Monastery
60%
Aztec Unique Nobles' Hut
60%
Asian Economic Rice Paddy
60%
Indian Unique Sacred Field
60%
Federal American Military Saloon
60%
Japanese Unique Shrine
60%
Chinese Wonder Summer Palace
60%
Indian Wonder Taj Mahal
60%
Lakota Unique Teepee
60%
Japanese Wonder Torii Gates
60%
Swedish Unique Torp
60%
Campaign Only Tower
60%
Economic Town Center
60%
Economic/Military Trading Post
60%
Chinese Unique Village
60%
Defensive Wall
60%
Chinese Unique War Academy
60%
Native American Military War Hut
60%
Indian Wonder Agra Fort
40%
Indian Unique Caravanserai
40%
Indian Wonder Charminar Gate
40%
Japanese Unique Cherry Orchard
40%
Campaign Only Command Post
40%
Chinese Wonder Confucian Academy
40%
Maltese Unique Depot
40%
Economic Estate
40%
Campaign Only Fountain of Youth
40%
Japanese Wonder Golden Pavilion
40%
Maltese Unique Hospital
40%
African Economic Hut
40%
Inca Unique Kancha House
40%
Haudenosaunee Unique Longhouse
40%
Military Native Embassy/Royal Embassy
40%
Campaign Only Ossuary
40%
African Military Palace
40%
Haudenosaunee Unique Siege Workshop
40%
American Unique State Capitol
40%
Inca Unique Tambo
40%
Japanese Wonder The Shogunate
40%
Hausa Unique University
40%
Chinese Wonder White Pagoda
40%
Research/Shipment Only American Citadel
20%
Random Map Only A Mine of Unknown Origin
20%
Research/Shipment Only Athos Monastery
20%
Campaign Only Baker
20%
Campaign Only Barn
20%
Research/Shipment Only Battery
20%
Campaign Only Cherokee War Hut
20%
Campaign Only Fort Tower
20%
Inca Unique Kallanka
20%
African Economic Livestock Market
20%
Italian Unique Lombard
20%
Indian Unique Mango Grove
20%
American Unique Meeting House
20%
German Unique Mercenary Camp
20%
Chinese Wonder Porcelain Tower
20%
African Economic Port
20%
Campaign Only Stockade
20%
Inca Unique Stronghold
20%
European Military Tavern
20%
Chinese Wonder Temple of Heaven
20%
Japanese Wonder Toshogu Shrine
20%
Indian Wonder Tower of Victory
20%
Native American Economic Tribal Marketplace
20%
African Military War Camp
20%
African Military Watch Tower
20%
Campaign Only Weapon Cache
20%
Random Map Only Wind Mill
20%
African Economic Granary
0%
Indian Wonder Karni Mata
0%
No matching quizzes found
Score Distribution
Percent of People with Each Score
Percentile by Number Answered
Your Score History
You have not taken this quiz